Nationalsprachen und Demokratie in Europa

Saved in:
Bibliographic Details
Main Author: Kirchhof, Paul (Author)
Format: Chapter/Article
Language:German
Published: 2008
In: Sprachen und Sprachenpolitik in Europa
Year: 2008, Pages: 205-220
Online Access: Get full text
Author Notes:Paul Kirchhof

MARC

LEADER 00000caa a22000002c 4500
001 1456817213
003 DE-627
005 20220811004552.0
007 tu
008 130704s2008 xx ||||| 00| ||ger c
035 |a (DE-627)1456817213 
035 |a (DE-576)386817219 
035 |a (DE-599)BSZ386817219 
035 |a (OCoLC)1340490564 
040 |a DE-627  |b ger  |c DE-627  |e rakwb 
041 |a ger 
084 |a 19  |2 sdnb 
100 1 |a Kirchhof, Paul  |d 1943-  |0 (DE-588)121398897  |0 (DE-627)081282281  |0 (DE-576)161714323  |4 aut 
245 1 0 |a Nationalsprachen und Demokratie in Europa  |c Paul Kirchhof 
264 1 |c 2008 
300 |a 16 
336 |a Text  |b txt  |2 rdacontent 
337 |a ohne Hilfsmittel zu benutzen  |b n  |2 rdamedia 
338 |a Band  |b nc  |2 rdacarrier 
773 0 8 |i In  |t Sprachen und Sprachenpolitik in Europa  |b 2. Aufl., unveränd. Nachdr. der Ausg. 2002  |d Tübingen : Stauffenburg-Verl., 2008  |g (2008), Seite 205-220  |h 232 S.  |w (DE-627)574179305  |w (DE-576)284789461  |z 3860578944  |z 9783860578940  |7 nnam  |a Nationalsprachen und Demokratie in Europa 
773 1 8 |g year:2008  |g pages:205-220  |g extent:16  |a Nationalsprachen und Demokratie in Europa 
951 |a AR 
992 |a 20130704 
993 |a BookComponentPart 
994 |a 2008 
998 |g 121398897  |a Kirchhof, Paul  |m 121398897:Kirchhof, Paul  |d 20000  |d 20300  |e 20000PK121398897  |e 20300PK121398897  |k 0/20000/  |k 1/20000/20300/  |p 1  |x j  |y j 
999 |a KXP-PPN1456817213  |e 2755222484 
BIB |a Y 
JSO |a {"physDesc":[{"extent":"16 S."}],"recId":"1456817213","origin":[{"dateIssuedDisp":"2008","dateIssuedKey":"2008"}],"person":[{"role":"aut","family":"Kirchhof","display":"Kirchhof, Paul","given":"Paul"}],"name":{"displayForm":["Paul Kirchhof"]},"language":["ger"],"type":{"bibl":"chapter"},"title":[{"title_sort":"Nationalsprachen und Demokratie in Europa","title":"Nationalsprachen und Demokratie in Europa"}],"relHost":[{"physDesc":[{"extent":"232 S.","noteIll":"Ill., Kt.","noteFormat":"23 cm"}],"person":[{"role":"edt","family":"Ehlich","given":"Konrad","display":"Ehlich, Konrad"},{"role":"oth","family":"Schubert","display":"Schubert, Venanz","given":"Venanz"},{"display":"Stickel, Gerhard","given":"Gerhard","family":"Stickel","role":"oth"}],"type":{"bibl":"edited-book"},"language":["ger"],"id":{"eki":["574179305"],"isbn":["3860578944","9783860578940"]},"title":[{"title_sort":"Sprachen und Sprachenpolitik in Europa","title":"Sprachen und Sprachenpolitik in Europa"}],"part":{"year":"2008","extent":"16","text":"(2008), Seite 205-220","pages":"205-220"},"relMultPart":[{"origin":[{"publisherPlace":"Tübingen","publisher":"Stauffenburg-Verl.","dateIssuedDisp":"2001-","dateIssuedKey":"2001"}],"recId":"33008089X","part":{"number_sort":["4,2"],"number":["[4]"]},"disp":"Stauffenburg aktuell","id":{"issn":["1439-2224"],"zdb":["2049107-4"],"eki":["33008089X"]},"title":[{"title":"Stauffenburg aktuell","title_sort":"Stauffenburg aktuell"}],"pubHistory":["1.2001 -"],"dispAlt":"Stauffenburg aktuell","type":{"bibl":"serial"},"language":["ger"]}],"origin":[{"editionNo":"2","dateIssuedKey":"2008","dateIssuedDisp":"2008","publisher":"Stauffenburg-Verl.","publisherPlace":"Tübingen","edition":"2. Aufl., unveränd. Nachdr. der Ausg. 2002"}],"recId":"574179305","name":{"displayForm":["Konrad Ehlich; Venanz Schubert (Hrsg.). Mit Beitr. von Gerhard Stickel ..."]},"disp":"Nationalsprachen und Demokratie in EuropaSprachen und Sprachenpolitik in Europa"}],"id":{"eki":["1456817213"]}} 
SRT |a KIRCHHOFPANATIONALSP2008